Cours de géométrie infinitésimale. Cinquième fascicule, Géométrie infinitésimale. Deuxième partie, Théorie des surfaces /
Guardado en:
| Autor Principal: | |
|---|---|
| Formato: | Libro |
| Idioma: | French |
| Publicado: |
Paris :
Gauthier-Villars,
1955.
|
| Edición: | 2me éd. / |
| Etiquetas: |
Agregar Etiqueta
Sin Etiquetas, Sea el primero en etiquetar este registro!
|
| LEADER | 00608nam a22001575a 4500 | ||
|---|---|---|---|
| 001 | MAT.inmabb001241 | ||
| 008 | 031121s1955####fr############000#0#fre#d | ||
| 005 | 20170814124536.0 | ||
| 245 | 1 | 0 | |a Cours de géométrie infinitésimale. |n Cinquième fascicule, |p Géométrie infinitésimale. |n Deuxième partie, |p Théorie des surfaces / |c par Gaston Julia. |
| 250 | |a 2me éd. / |b entièrement refondue. | ||
| 260 | |a Paris : |b Gauthier-Villars, |c 1955. | ||
| 300 | |a 145 p. ; |c 26 cm. | ||
| 510 | 4 | |a MR, |c MR0072503 | |
| 100 | 1 | |a Julia, Gaston, |d 1893-1978. | |
| 084 | |a 53-XX |2 msc2000 | ||
| 859 | |h 53 |i J94-2 |p A-1433 |v 5 |3 Fac. V |b BIB. MATEMATICA | ||
